00463nam a2200145Ia 4500008004100000020001800041050002400059100003300083245008400116250000700200260002300207300001500230600003700245650003500282120626s9999 xx 000 0 und d a970-07-7406-0 aC KB365 P315 (2008) aPAVON VASCONCELOS, Francisco aManual de derecho penal mexicano: Parte general / Francisco Pavón Vasconcelos a20 aMéxico: Porrúa aXI, 831 p. aI.JIMENEZ HUERTA, Mariano, prol. a1.Derecho penal -- MéxicoÌ